[Event "Capablanca Memorial U15 2nd"]
[Site "Havana"]
[Date "2018.05.18"]
[Round "6"]
[White "Mora Preval, Jairon Humberto"]
[Black "Cartaya Salabarria, Liz"]
[Result "1/2-1/2"]
[WhiteElo "1876"]
[BlackElo "1703"]
[PlyCount "95"]
[EventDate "2018.05.14"]
[EventType "swiss"]
[EventRounds "7"]
[EventCountry "CUB"]
[SourceTitle "EXT 2021"]
[Source "ChessBase"]
[SourceDate "2020.10.23"]
[SourceVersion "1"]
[SourceVersionDate "2020.10.23"]
[SourceQuality "1"]

1. e4 e5 2. Nf3 Nc6 3. d4 exd4 4. Nxd4 Nge7 5. Nc3 g6 6. Be3 Bg7 7. Qd2 0-0 8. Be2 d5 9. Nxc6 bxc6 10. Rd1 Bb7 11. exd5 Nxd5 12. Nxd5 cxd5 13. c3 Re8 14. 0-0 Qd6 15. Bf3 c6 16. c4 Ba6 17. Be2 d4 18. c5 Qxc5 19. Bxa6 dxe3 20. fxe3 Rxe3 21. Kh1 Re7 22. b4 Qb6 23. Bc4 Qc7 24. Rde1 Rxe1 25. Qxe1 Rf8 26. h3 Qe5 27. Qf2 Qe7 28. a3 Bh6 29. Qf6 Qxf6 30. Rxf6 Bc1 31. a4 Ba3 32. Rxc6 Bxb4 33. Rc7 a5 34. g4 h6 35. Kg2 Kg7 36. Kf3 h5 37. gxh5 gxh5 38. Rb7 Kg6 39. Rb6+ f6 40. Bd3+ Kg5 41. Rb5+ f5 42. h4+ Kg6 43. Rb6+ Rf6 44. Rb5 Be1 45. Kf4 Bd2+ 46. Kf3 Rf7 47. Rb6+ Rf6 48. Rb5 1/2-1/2